Psychologie de la communication : (Record no. 61966)

MARC details
000 -LEADER
fixed length control field 00699nam a22002177a 4500
005 - DATE AND TIME OF LATEST TRANSACTION
control field 20210514105836.0
008 - FIXED-LENGTH DATA ELEMENTS--GENERAL INFORMATION
fixed length control field 210514b ||||| |||| 00| 0 eng d
020 ## - INTERNATIONAL STANDARD BOOK NUMBER
International Standard Book Number 978-10-079093-7
040 ## - CATALOGING SOURCE
Original cataloging agency BUAC
Transcribing agency BUC
041 ## - LANGUAGE CODE
Language code of text/sound track or separate title Fre
100 ## - MAIN ENTRY--PERSONAL NAME
Personal name Abric, Jean-Claude
245 ## - TITLE STATEMENT
Title Psychologie de la communication :
Remainder of title théories et méthodes
Statement of responsibility, etc /par Jean-Claude Abric
250 ## - EDITION STATEMENT
Edition statement 3ème éd
260 ## - PUBLICATION, DISTRIBUTION, ETC. (IMPRINT)
Place of publication, distribution, etc Malakoff :
Name of publisher, distributor, etc Dunod,
Date of publication, distribution, etc 2019
300 ## - PHYSICAL DESCRIPTION
Extent VI- 185 p.
Other physical details Couv.ill. en coul.;
Dimensions 24 cm.
500 ## - GENERAL NOTE
General note Bibliogr. pp. (178 - 185).;<br/>Index thématique
630 ## - SUBJECT ADDED ENTRY--UNIFORM TITLE
Uniform title PHILOSOPHIE- PSYCHOLOGIE
650 ## - SUBJECT ADDED ENTRY--TOPICAL TERM
Topical term or geographic name as entry element Psychologie de la communication
651 ## - SUBJECT ADDED ENTRY--GEOGRAPHIC NAME
Geographic name Psychologie : théories : methode
942 ## - ADDED ENTRY ELEMENTS (KOHA)
Source of classification or shelving scheme Dewey Decimal Classification
Item type Libre Accès
Holdings
Withdrawn status Lost status Source of classification or shelving scheme Damaged status Not for loan Location (home branch) Sublocation or collection (holding branch) Shelving location Date acquired Source of acquisition Coded location qualifier Koha issues (times borrowed) Koha full call number Piece designation (barcode) Koha date last seen Copy number Price effective from Koha item type
    Dewey Decimal Classification     Bibliothèque Universitaire Centrale Bibliothèque Universitaire Centrale   14/05/2021 DON ARES 21/0120   159.9 : 007 ABR 21-0120Buc 14/05/2021 1 14/05/2021 Libre Accès


© 2008, Bibliothèques de l'Université d'Abomey-Calavi

04 BP 789 Cotonou, Tél. : +229 21 36 01 01, Fax : +229 21 35 06 32

Courriel : bu@bu.uac.bj